| 000 | 00505nam a2200133 a 4500 | ||
|---|---|---|---|
| 001 | 000004834 | ||
| 005 | 20200929151520.0 | ||
| 008 | 090727s1990 dr 000 0 spa d | ||
| 040 |
_aDO-SdBNP _bspa _cBNPHU |
||
| 111 | 2 |
_aMemoria del encuentro del Caribe amerindio _d(1988, Sept. 11-17 _n1: _cSanto Domingo) _914031 |
|
| 245 | 1 | 0 | _aPueblos y políticas en el Caribe amerindio. |
| 260 |
_aSanto Domingo : _bInstituto Indigenista Interamericano : _bFundación García Arévalo, _c1990. |
||
| 300 |
_a117 p. : ; _c24 cm. |
||
| 999 |
_c4640 _d4640 |
||